| 000 | 00511cam a2200205ua 4500 | ||
|---|---|---|---|
| 001 | 6590 | ||
| 008 | 140106n ii |||gr||||Z||||||eng | ||
| 020 | _a81-7758-107-4 | ||
| 040 | _cMAIN | ||
| 082 | _a658 | ||
| 245 |
_aPrinci[ples of marketing _cBy Philip Kotler |
||
| 250 | _a11th ed. | ||
| 260 |
_aNew delhi: _bPearson, _c2006. |
||
| 300 | _ax,670p. | ||
| 653 | _aCommerce | ||
| 653 | _aPrinci[ples of marketing | ||
| 700 |
_aKotler,Philip, _eAuthor., |
||
| 700 | 1 |
_aArmstrong,Gary, _eAuthor. |
|
| 942 | _cBK | ||
| 999 |
_c5739 _d5739 |
||